Casa contemporary Houses

Bibliographic Details
Main Author: Corcuera, Antonio
Format: Section = Libro
Language:Undetermined
Spanish
Published: Barcelona ULLMAN & KONEMANN 2006
Subjects:
LEADER 00622nam a2200217Ia 4500
008 240829s9999 xx 000 0 und d
020 |a 978-3-8381-2495 
040 |a BIBLIOTECA-RUSB/ Ref 728.31 C334 
041 |a spa 
082 |a Ref 728.31 C334 
100 1 |a Corcuera, Antonio 
245 1 0 |a Casa contemporary Houses 
260 |a Barcelona  |b ULLMAN & KONEMANN  |c 2006 
300 |a 1056 p. :il. 
650 7 |a DISEÑO - CONSTRUCCIÓN - RESIDENCIALES UNIFAMILIARES 
650 7 |b  PEQUEÑAS VIVIENDAS URBANAS 
650 7 |c  CASA - PLAYA 
650 7 |d  PROYECTO RESIDENCIALES 
942 |c BK  |2 ddc 
991 |a TEXTO 
999 |c 6559